书目信息 |
| 题名: |
动物繁殖技术
|
|
| 作者: | 李凤玲 , 孙耀辉 主编 | |
| 分册: | ||
| 出版信息: | 北京 北京师范大学出版社 2017.12 |
|
| 页数: | 315页 | |
| 开本: | 26cm | |
| 丛书名: | ||
| 单 册: | ||
| 中图分类: | S814 | |
| 科图分类: | ||
| 主题词: | 动物--繁殖--职业教育--教材 | |
| 电子资源: | ||
| ISBN: | 978-7-303-22386-2 | |
| 000 | 01004nam0 2200253 450 | |
| 001 | 4453 | |
| 005 | 20181015085822.06 | |
| 010 | @a978-7-303-22386-2@dCNY41.00 | |
| 100 | @a20180714d2017 em y0chiy50 ea | |
| 101 | 0 | @achi |
| 102 | @aCN@b110000 | |
| 105 | @aak z 000yy | |
| 200 | 1 | @a动物繁殖技术@9dong wu fan zhi ji shu@f李凤玲,孙耀辉主编 |
| 205 | @a2版 | |
| 210 | @a北京@c北京师范大学出版社@d2017.12 | |
| 215 | @a315页@c图@d26cm | |
| 300 | @a“十二五”职业教育国家规划教材 畜牧兽医专业系列 | |
| 330 | @a本书共分为6个学习情境、28个项目,主要包括动物的发情鉴定与控制、人工授精、妊娠诊断、分娩与助产、胚胎移植技术、繁殖管理等方面的内容。本教材语言精练、结构紧凑、图文并茂、重点突出、通俗易懂、技术性强、职业特色明显,在编写内容上既注重教材的先进性和前瞻性,又体现适用性和自学的可读性。 | |
| 606 | 0 | @a动物@x繁殖@x职业教育@j教材 |
| 690 | @aS814@v5 | |
| 701 | 0 | @a李凤玲@9li feng ling@4主编 |
| 701 | 0 | @a孙耀辉@9sun yao hui@4主编 |
| 801 | 0 | @aCN@b91MARC@c20180714 |
| 905 | @aMuseLib@dS814@e161=2 | |
| 动物繁殖技术/李凤玲,孙耀辉主编.-2版.-北京:北京师范大学出版社,2017.12 |
| 315页:图;26cm |
| “十二五”职业教育国家规划教材 畜牧兽医专业系列 |
| ISBN 978-7-303-22386-2:CNY41.00 |
| 本书共分为6个学习情境、28个项目,主要包括动物的发情鉴定与控制、人工授精、妊娠诊断、分娩与助产、胚胎移植技术、繁殖管理等方面的内容。本教材语言精练、结构紧凑、图文并茂、重点突出、通俗易懂、技术性强、职业特色明显,在编写内容上既注重教材的先进性和前瞻性,又体现适用性和自学的可读性。 |
| ● |
| 相关链接 |
|
|
|
|
正题名:动物繁殖技术
索取号:S814/161=2
 
预约/预借
| 序号 | 登录号 | 条形码 | 馆藏地/架位号 | 状态 | 备注 |
| 1 | 1125181 | 211251811 | 第二样本阅览室/ [索取号:S814/161=2] | 在馆 | |
| 2 | 1125182 | 211251820 | 密集书库-生命科学系/ [索取号:S814/161=2] | 在馆 | |
| 3 | 1125183 | 211251839 | 第三借阅区/ [索取号:S814/161=2] | 在馆 | |
| 4 | 1125184 | 211251848 | 第三借阅区/ [索取号:S814/161=2] | 在馆 | |
| 5 | 1125185 | 211251857 | 第三借阅区/ [索取号:S814/161=2] | 在馆 |